ՄԱՅՐ ԱԹՈՌ ՍՈՒՐԲ ԷՋՄԻԱԾԻՆ

«ՎԱՉԵ ԵՎ ԹԱՄԱՐ ՄԱՆՈՒԿՅԱՆ» ՄԱՏԵՆԱԴԱՐԱՆ

Ես առանձին եմ՝ մենակ չեմ = When I am Lonely I am not Alone / (Record no. 77219)

MARC details
000 -LEADER
fixed length control field 00662nam a22001937a 4500
003 - CONTROL NUMBER IDENTIFIER
control field SEM
005 - DATE AND TIME OF LATEST TRANSACTION
control field 20260331125354.0
008 - FIXED-LENGTH DATA ELEMENTS--GENERAL INFORMATION
fixed length control field 260331s2019 ai ||||gr||||||01|0|arm|d
040 ## - CATALOGING SOURCE
Original cataloging agency SEM
Transcribing agency SEM
041 ## - LANGUAGE CODE
Language code of text/sound track or separate title arm
-- eng
082 ## - DEWEY DECIMAL CLASSIFICATION NUMBER
Classification number 242/Տ-54
100 ## - MAIN ENTRY--PERSONAL NAME
Personal name Տէրտէրեան, Յովնան
Titles and words associated with a name արք․
Fuller form of name (Derderian, Hovnan)
245 ## - TITLE STATEMENT
Title Ես առանձին եմ՝ մենակ չեմ = When I am Lonely I am not Alone /
Statement of responsibility, etc. Յովնան արք․ Տէրտէրեան
260 ## - PUBLICATION, DISTRIBUTION, ETC.
Place of publication, distribution, etc. Burbank :
Name of publisher, distributor, etc. Armenian Church of North America,
Date of publication, distribution, etc. 2019.
300 ## - PHYSICAL DESCRIPTION
Extent 123 էջ ;
Dimensions 15 սմ
650 ## - SUBJECT ADDED ENTRY--TOPICAL TERM
Topical term or geographic name entry element Աղոթագիրք
General subdivision Հայ եկեղեցի
653 ## - INDEX TERM--UNCONTROLLED
Uncontrolled term ՍԷՄ
942 ## - ADDED ENTRY ELEMENTS (KOHA)
Source of classification or shelving scheme Dewey Decimal Classification
Koha item type Գրքեր/Books
Suppress in OPAC No
Holdings
Withdrawn status Lost status Source of classification or shelving scheme Damaged status Not for loan Collection code Home library Current library Date acquired Cost, normal purchase price Inventory number Total Checkouts Full call number Barcode Date last seen Price effective from Koha item type Public note
    Dewey Decimal Classification     Գրապահոց Մայր Աթոռ Սուրբ Էջմիածին «Վաչե և Թամար Մանուկյան» Մատենադարան Մայր Աթոռ Սուրբ Էջմիածին «Վաչե և Թամար Մանուկյան» Մատենադարան 31/03/2026 1000.00 37273   242/Տ-54 37273 31/03/2026 31/03/2026 Գրքեր/Books Սպասարկվում է ընթերցասրահ
    Dewey Decimal Classification     Գրապահոց Մայր Աթոռ Սուրբ Էջմիածին «Վաչե և Թամար Մանուկյան» Մատենադարան Մայր Աթոռ Սուրբ Էջմիածին «Վաչե և Թամար Մանուկյան» Մատենադարան 08/04/2026 1000.00 30774   242/Տ-54 30774 08/04/2026 08/04/2026 Գրքեր/Books Սպասարկվում է 30 օր